| 000 | 00780 a2200193 4500 | ||
|---|---|---|---|
| 003 | NUST | ||
| 005 | 20221114124355.0 | ||
| 022 | _a8181282604 | ||
| 040 | _cNust | ||
| 082 | _a512.5,LAN | ||
| 100 |
_aLang, Serge _9102580 |
||
| 245 |
_aIntroduction to Linear Algebra / _cSerge Lang, |
||
| 250 | _a2nd ed. | ||
| 260 |
_aSpring _bNew York _c2005 |
||
| 300 |
_a293 p .: _bwith 66 Illustrations |
||
| 505 | _aVectors(Page-1), Matrices and linear equations (Page-42), Vector Spaces (Page-88), Linear Mappings (Page-123), Composition and Inverse Mappings (Page-158), Scalar Products and orthogonality (Page-171), Determinants (Page-195), Eigenvectors and Eigenvalues (Page-233), Answers to Exercises (Page-266). | ||
| 650 |
_aLinear Algebra _957395 |
||
| 942 |
_2ddc _cBK _k512.5,LAN |
||
| 999 |
_c217986 _d217986 |
||